000 00289nam a22001337a 4500
008 171102b xxu||||| |||| 00| 0 eng d
020 _a9780471593645
041 _aeng
080 _a530.14
100 _a59
101 _aKAP
245 _aINTERNAL MARKETS
_cHALAL, W.E
942 _2udc
_cBK
999 _c37162
_d37162